KOHA-Header-6

The Craft of Public administration (Record no. 6319)

000 -LEADER
fixed length control field 00267nam a2200109Ia 4500
100 ## - MAIN ENTRY--AUTHOR NAME
Personal name Berkley Rouse
245 #4 - TITLE STATEMENT
Title The Craft of Public administration
260 ## - PUBLICATION, DISTRIBUTION, ETC. (IMPRINT)
Place of publication USA
Name of publisher McGraw-Hill
Year of publication 1991
300 ## - PHYSICAL DESCRIPTION
Number of Pages 437
942 ## - ADDED ENTRY ELEMENTS (KOHA)
Koha item type Books
Holdings
Withdrawn status Lost status Collection code Permanent Location Current Location Shelving location Date acquired Full call number Accession Number Koha item type
    Management MAJU MAJU   2019-09-07 657.2 1189 Management

Powered by Koha